[Event "World Rapid Women 2022"]
[Site "Almaty KAZ"]
[Date "2022.12.27"]
[Round "6.40"]
[White "Lu, Miaoyi"]
[Black "Druzhinina, Olga"]
[Result "1-0"]
[WhiteElo "2399"]
[BlackElo "2245"]
[WhiteFideId "8618020"]
[BlackFideId "4141911"]
[EventDate "2022.12.26"]

1. e4 c5 2. Nc3 d6 3. f4 Nc6 4. Nf3 g6 5. Bb5 Bg7 6. Bxc6+ bxc6 7. d3 Rb8 8. O-O
e6 9. Qe1 Ne7 10. Qh4 h6 11. Kh1 Rb4 12. a3 Rb7 13. Qg3 Kf8 14. Nh4 d5 15. f5
exf5 16. exf5 Nxf5 17. Nxf5 Bxf5 18. Na4 Kg8 19. Nxc5 Re7 20. Bf4 Kh7 21. c3 d4
22. c4 Qb6 23. b4 Rhe8 24. Rae1 a5 25. Rxe7 Rxe7 26. Re1 Rxe1+ 27. Qxe1 axb4 28.
axb4 Qa7 29. h3 Bf6 30. Qe8 Qe7 31. Qxc6 Bh4 32. Ne4 Qxb4 33. Qd5 Qe7 34. Qxd4
g5 35. Bd6 Qe6 36. Kh2 Kg6 37. g3 Bxg3+ 38. Kxg3 Bxh3 39. Qf6+ Kh5 40. Qxe6 Bxe6
41. Nf6+ Kg6 42. Be7 h5 43. c5 h4+ 44. Kf3 Kf5 45. d4 Bc8 46. d5 Ke5 47. c6 g4+
48. Kg2 g3 49. d6 Ke6 50. Kf3 1-0

[Event "World Rapid Women 2022"]
[Site "Almaty KAZ"]
[Date "2022.12.27"]
[Round "6.41"]
[White "Gaboyan, Susanna"]
[Black "Kaliakhmet, Elnaz"]
[Result "1-0"]
[WhiteTitle "WIM"]
[BlackTitle "WFM"]
[WhiteElo "2200"]
[BlackElo "1786"]
[WhiteFideId "13303627"]
[BlackFideId "13730169"]
[EventDate "2022.12.26"]

1. e4 c5 2. Nf3 e6 3. g3 Nc6 4. Bg2 Nf6 5. Nc3 d5 6. exd5 exd5 7. O-O d4 8. Ne2
Be7 9. d3 O-O 10. c3 dxc3 11. bxc3 Bg4 12. d4 cxd4 13. cxd4 Qa5 14. h3 Bxf3 15.
Bxf3 Rad8 16. Bb2 Nd5 17. Qb3 Bf6 18. Qxb7 Ncb4 19. a3 Nd3 20. Bxd5 Rxd5 21. Bc3
Qd8 22. Qa6 Bxd4 23. Bxd4 Rxd4 24. Nxd4 Qxd4 25. Rad1 Rd8 26. Rd2 Qe4 27. Rfd1
Qg6 28. Rxd3 Rf8 29. Qxg6 1-0

[Event "World Rapid Women 2022"]
[Site "Almaty KAZ"]
[Date "2022.12.27"]
[Round "6.42"]
[White "Mikheeva, Galina"]
[Black "Paramzina, Anastasya"]
[Result "0-1"]
[WhiteTitle "WFM"]
[BlackTitle "WGM"]
[WhiteElo "1969"]
[BlackElo "2227"]
[WhiteFideId "44108320"]
[BlackFideId "4165012"]
[EventDate "2022.12.26"]

1. e4 c5 2. Nf3 d6 3. Bb5+ Nd7 4. d4 cxd4 5. Nxd4 Nf6 6. O-O a6 7. Bd3 g6 8. c4
Bg7 9. Nc3 O-O 10. Be3 Nc5 11. f3 Nxd3 12. Qxd3 b6 13. Rac1 Bb7 14. Rfd1 Rc8 15.
b3 Nd7 16. Qe2 e6 17. Qf2 Qc7 18. Nde2 Rfd8 19. Bg5 Re8 20. Bf4 Be5 21. Bxe5
dxe5 22. Rd2 Red8 23. Rcd1 Nb8 24. Qh4 Rxd2 25. Rxd2 b5 26. cxb5 axb5 27. b4 Nc6
28. Qf2 Nd4 29. h4 Qc4 30. a3 h5 31. Kh2 Rd8 32. Kh3 Bc6 33. Qe3 Qb3 34. Nxd4
exd4 35. Rxd4 Ra8 36. Qd2 Kh7 37. Ne2 e5 38. Rd3 Qe6+ 39. Kh2 Be8 40. Rd6 Qe7
41. Kg3 Rxa3 42. Rd3 Rxd3 43. Qxd3 Qxb4 44. Nc3 Bc6 45. Qe3 Qc4 46. Qa7 Kg7 47.
Nd1 b4 48. Ne3 Qd4 49. Qc7 Bxe4 50. Nc4 Bd5 51. Nxe5 b3 52. Qd6 b2 53. Nc6 Qf6
54. Qxd5 b1=Q 55. Nd4 Qb8+ 56. Kh3 Qbf4 57. g3 Q4xd4 0-1

[Event "World Rapid Women 2022"]
[Site "Almaty KAZ"]
[Date "2022.12.27"]
[Round "6.43"]
[White "Samaganova, Aleksandra"]
[Black "Foudzi, Siti Zulaikha"]
[Result "1/2-1/2"]
[WhiteTitle "WFM"]
[BlackTitle "WIM"]
[WhiteElo "1884"]
[BlackElo "2136"]
[WhiteFideId "13800221"]
[BlackFideId "5700965"]
[EventDate "2022.12.26"]

1. c4 e6 2. Nf3 d5 3. e3 Nf6 4. b3 c5 5. Bb2 Nc6 6. d4 cxd4 7. exd4 Bb4+ 8. Nbd2
O-O 9. Bd3 dxc4 10. bxc4 e5 11. O-O exd4 12. Ne4 Bg4 13. Nxf6+ Qxf6 14. Be4 Rad8
15. Qb3 Bxf3 16. Bxf3 Qd6 17. Bxc6 bxc6 18. Bxd4 Qxd4 19. Qxb4 Rb8 20. Qa4 Rfd8
21. Rad1 Qc5 22. h3 g6 23. Qc2 a5 24. Qe2 Rxd1 25. Rxd1 Rb4 26. Rc1 Kg7 27. Qc2
Qd4 28. Qe2 c5 29. Rc2 a4 30. Kh2 Qf4+ 31. g3 Qd4 32. h4 a3 33. Rd2 Qf6 34. Qe3
Rb2 35. Kg2 Rxd2 36. Qxd2 Qb2 37. Qd5 Qxa2 38. Qe5+ Kg8 39. Qe8+ Kg7 40. Qe5+
Kf8 41. Qxc5+ Ke8 42. Qe5+ Kf8 43. Qb8+ Kg7 44. Qe5+ Kg8 45. Qe8+ Kg7 46. Qe5+ 1/2-1/2

[Event "World Rapid Women 2022"]
[Site "Almaty KAZ"]
[Date "2022.12.27"]
[Round "6.44"]
[White "Kaldarova, Ayaulym"]
[Black "Kovanova, Baira"]
[Result "1-0"]
[BlackTitle "WGM"]
[WhiteElo "1832"]
[BlackElo "2317"]
[WhiteFideId "13720503"]
[BlackFideId "4164083"]
[EventDate "2022.12.26"]

1. Nf3 d5 2. g3 Bg4 3. Bg2 c6 4. c4 e6 5. d4 Nd7 6. O-O Ngf6 7. Ne5 Bf5 8. Nc3
Be7 9. f3 Nxe5 10. dxe5 Nd7 11. g4 Bg6 12. f4 Bc5+ 13. Kh1 h5 14. g5 Bb4 15.
cxd5 cxd5 16. Nxd5 exd5 17. f5 Bh7 18. Qxd5 Qa5 19. Qxb7 Rb8 20. Qc6 O-O 21.
Qxd7 Rbd8 22. Qc6 Qxe5 23. e4 h4 24. a3 Bd2 25. Bxd2 Rxd2 26. Qc3 Qd6 27. Qh3
Qe5 28. b4 Qb2 29. Rab1 Qd4 30. Qxh4 Rc8 31. Qg4 Rcc2 32. Rbd1 g6 33. Rxd2 Qxd2
34. f6 Kh8 35. h4 Bg8 36. Rd1 Qf2 37. Rf1 Qd2 38. e5 Qd3 39. e6 Rc4 40. Qh3 Qe2
41. e7 Qe5 42. Kg1 Qd4+ 43. Kh1 Qe5 44. b5 Rc2 45. h5 gxh5 46. Qxh5+ Bh7 47. Qh6 1-0

[Event "World Rapid Women 2022"]
[Site "Almaty KAZ"]
[Date "2022.12.27"]
[Round "6.45"]
[White "Bayasgalan, Khishigbaatar"]
[Black "Machlik, Monika"]
[Result "1-0"]
[WhiteTitle "WCM"]
[WhiteElo "1811"]
[BlackElo "2114"]
[WhiteFideId "4904311"]
[BlackFideId "1513621"]
[EventDate "2022.12.26"]

1. d4 Nf6 2. Nc3 d5 3. Bg5 Nbd7 4. f3 c5 5. dxc5 Qa5 6. Bxf6 Nxf6 7. Qd4 e5 8.
Qxe5+ Be6 9. e4 Bxc5 10. O-O-O dxe4 11. Bb5+ Kf8 12. Qxc5+ Kg8 13. Qa3 Qb6 14.
fxe4 h6 15. Nf3 Ng4 16. Rhe1 Kh7 17. h3 Nf6 18. e5 Nh5 19. Bd3+ g6 20. Ne4 Rhc8
21. Nf6+ Nxf6 22. exf6 Rc5 23. Rxe6 fxe6 24. Ne5 Qc7 25. Bxg6+ Kg8 26. Bf7+ Kf8
27. Qg3 Rxc2+ 28. Kb1 Rxb2+ 29. Kxb2 Qb6+ 30. Ka1 1-0

[Event "World Rapid Women 2022"]
[Site "Almaty KAZ"]
[Date "2022.12.27"]
[Round "6.46"]
[White "Kirchei, Viktoriia"]
[Black "Martins de Aguiar, Marina"]
[Result "1-0"]
[WhiteTitle "WFM"]
[WhiteElo "2070"]
[BlackElo "1877"]
[WhiteFideId "34133396"]
[BlackFideId "2143321"]
[EventDate "2022.12.26"]

1. e4 c5 2. Nf3 e6 3. d3 Nf6 4. Nbd2 d5 5. g3 Be7 6. Bg2 O-O 7. O-O Nc6 8. c3 b5
9. Ne1 Bb7 10. f4 dxe4 11. dxe4 Qb6 12. Kh1 Rad8 13. g4 Na5 14. Qe2 Ba6 15. g5
Nd7 16. Qh5 b4 17. Rg1 c4 18. Ndf3 b3 19. Nd4 Bc5 20. Nef3 Bb7 21. Re1 bxa2 22.
Rxa2 Nb3 23. Nxb3 cxb3 24. Ra1 Bf2 25. Rf1 Ba6 26. Rxa6 Qxa6 27. Rxf2 Nc5 28.
Nd4 Nd3 29. Rf1 Nxc1 30. Rxc1 Qa2 31. Qe2 Rb8 32. e5 Qa4 33. Be4 g6 34. Bg2 Rb6
35. Qf1 Qa2 36. Rb1 Qa4 37. Ra1 Qd7 38. Bf3 Rd8 39. Qg2 Kg7 40. Bd1 Rdb8 41. Qh3
Kg8 42. Bf3 Qc7 43. Qf1 Qc5 44. Rxa7 Rd8 45. Qa1 Rc8 46. Qa4 Rbb8 47. Qd7 Rf8
48. Rc7 Qa5 49. Ra7 Qc5 50. Kg2 Rbd8 51. Qa4 Rb8 52. Ra5 Qc7 53. Rb5 Ra8 54.
Qxb3 Ra1 55. Qb4 Qa7 56. Qb3 Qa8 57. Bxa8 1-0

[Event "World Rapid Women 2022"]
[Site "Almaty KAZ"]
[Date "2022.12.27"]
[Round "6.47"]
[White "Kim, Kristina"]
[Black "Assylkhan, Asiya"]
[Result "1-0"]
[WhiteTitle "WCM"]
[WhiteElo "1930"]
[BlackElo "1430"]
[WhiteFideId "13712438"]
[BlackFideId "13752707"]
[EventDate "2022.12.26"]

1. d4 d5 2. Nf3 Nf6 3. Bg5 e6 4. e3 c5 5. c3 Nc6 6. Nbd2 Be7 7. Bd3 h6 8. Bh4 a6
9. O-O O-O 10. Qe2 Nd7 11. Bxe7 Qxe7 12. e4 c4 13. Bc2 b5 14. Rae1 Re8 15. exd5
exd5 16. Qxe7 Rxe7 17. Rxe7 Nxe7 18. Re1 Kf8 19. Nh4 Nb6 20. f4 Rb8 21. Re3 g5
22. fxg5 hxg5 23. Nhf3 f6 24. Nf1 Nf5 25. Bxf5 Bxf5 26. Ng3 Bd7 27. h4 gxh4 28.
Nxh4 Re8 29. Rf3 Re6 30. Nh5 Ke7 31. Kf2 Rc6 32. Ng6+ Kd8 33. Nxf6 Be6 34. Ne5
Rd6 35. Nh7 Ke7 36. Ng6+ Ke8 37. Rf8+ Kd7 38. Nf6+ Kc7 39. Ne8+ Kd7 40. Nxd6
Kxd6 41. Nf4 Bd7 42. Rf6+ Kc7 43. Kf3 a5 44. g4 b4 45. g5 Bc6 46. Ne6+ Kc8 47.
Nc5 Kc7 48. g6 1-0

[Event "World Rapid Women 2022"]
[Site "Almaty KAZ"]
[Date "2022.12.27"]
[Round "6.48"]
[White "Madi, Aidana"]
[Black "Mikhaylova, Irina"]
[Result "0-1"]
[BlackTitle "WGM"]
[WhiteElo "1583"]
[BlackElo "2257"]
[WhiteFideId "13722689"]
[BlackFideId "4109040"]
[EventDate "2022.12.26"]

1. e4 c5 2. Nf3 Nc6 3. d4 cxd4 4. Nxd4 e5 5. Nb5 d6 6. N1c3 a6 7. Na3 b5 8. Nd5
Nge7 9. Bg5 h6 10. Qh5 Be6 11. c4 b4 12. Nc2 Rb8 13. b3 Qd7 14. Bxe7 Bxe7 15.
Nxe7 Qxe7 16. Be2 Qg5 17. Qxg5 hxg5 18. Rd1 Ke7 19. f3 a5 20. Kf2 a4 21. Rb1 Ra8
22. Ra1 Ra5 23. h3 Rha8 24. Rac1 axb3 25. axb3 Ra2 26. Bd3 Rb2 27. Rb1 Raa2 28.
Ke3 Rxc2 29. Bxc2 Rxc2 30. g3 Nd4 31. f4 Rc3+ 32. Kf2 gxf4 33. gxf4 Rf3+ 34. Kg2
Rxf4 35. Rhd1 Rxe4 36. Ra1 Re2+ 37. Kg3 f5 38. Ra7+ Kf6 39. Kh4 Re4+ 40. Kh5 g6+
41. Kh6 Rh4# 0-1

[Event "World Rapid Women 2022"]
[Site "Almaty KAZ"]
[Date "2022.12.27"]
[Round "6.49"]
[White "Chen, Jocelyn"]
[Black "Balakanova, Gulnar"]
[Result "0-1"]
[WhiteTitle "WCM"]
[BlackTitle "WFM"]
[WhiteElo "1854"]
[BlackElo "1743"]
[WhiteFideId "30947154"]
[BlackFideId "13705890"]
[EventDate "2022.12.26"]

1. e4 c5 2. Nf3 Nc6 3. d4 cxd4 4. Nxd4 Nf6 5. Nc3 e5 6. Ndb5 d6 7. a4 a6 8. Na3
Be7 9. Bg5 Be6 10. Bxf6 Bxf6 11. Nd5 Bg5 12. c3 O-O 13. h4 Bh6 14. g4 Bf4 15.
Nxf4 exf4 16. Bc4 Ne5 17. Bxe6 fxe6 18. g5 d5 19. Qe2 d4 20. O-O-O d3 21. Qf1 b5
22. Nc2 bxa4 23. Nb4 a3 24. bxa3 Qc7 25. Kd2 Rfd8 26. Rc1 Qc4 27. Qd1 a5 28. Ra1
axb4 29. axb4 Rxa1 30. Qxa1 Nf3+ 31. Kd1 Qb3+ 32. Kc1 Qc2# 0-1

[Event "World Rapid Women 2022"]
[Site "Almaty KAZ"]
[Date "2022.12.27"]
[Round "7.1"]
[White "Khotenashvili, Bela"]
[Black "Tan, Zhongyi"]
[Result "1/2-1/2"]
[WhiteTitle "GM"]
[BlackTitle "GM"]
[WhiteElo "2485"]
[BlackElo "2518"]
[WhiteFideId "13602640"]
[BlackFideId "8603642"]
[EventDate "2022.12.26"]

1. Nf3 d5 2. g3 Nf6 3. Bg2 c5 4. O-O Nc6 5. c4 d4 6. d3 e5 7. e3 Be7 8. exd4
exd4 9. Bf4 O-O 10. Ne5 Nxe5 11. Bxe5 Bg4 12. Qb3 Nd7 13. Bf4 g5 14. Bc1 Rb8 15.
f4 h6 16. h3 Bh5 17. g4 Bg6 18. f5 Bh7 19. Nd2 Qc7 20. Ne4 Nf6 21. Bd2 Nxe4 22.
dxe4 Qe5 23. Qd3 Bd6 24. Rf3 Rfe8 25. Re1 f6 26. Re2 Kg7 27. Be1 Qe7 28. e5 Bxe5
29. Bg3 Qc7 30. Bxe5 Rxe5 31. Rxe5 Qxe5 32. Rf2 Qe1+ 33. Bf1 Re8 34. Qa3 Bg8 35.
Qxc5 d3 36. Qd4 Re3 37. Kg2 b5 38. b3 bxc4 39. bxc4 Bf7 40. Bxd3 h5 41. gxh5
Bxh5 42. Bf1 Be8 43. Qd2 Bc6+ 44. Kh2 Kh6 45. Qxe1 Rxe1 46. Bg2 Bxg2 47. Kxg2
Rc1 48. Rd2 Rxc4 49. Rd6 Rc2+ 50. Kg3 Rxa2 51. Rxf6+ Kh5 52. Rf8 Ra3+ 53. Kg2
Ra2+ 54. Kg3 1/2-1/2

[Event "World Rapid Women 2022"]
[Site "Almaty KAZ"]
[Date "2022.12.27"]
[Round "7.2"]
[White "Danielian, Elina"]
[Black "Abdumalik, Zhansaya"]
[Result "1/2-1/2"]
[WhiteTitle "GM"]
[BlackTitle "GM"]
[WhiteElo "2431"]
[BlackElo "2496"]
[WhiteFideId "13300210"]
[BlackFideId "13703544"]
[EventDate "2022.12.26"]

1. d4 Nf6 2. Nf3 g6 3. Bg5 Bg7 4. Nbd2 d5 5. e3 O-O 6. c3 Nbd7 7. b4 Re8 8. Be2
e5 9. Nb3 c6 10. O-O e4 11. Nfd2 Nf8 12. c4 h6 13. Bh4 g5 14. Bg3 Ng6 15. Rc1
Bf8 16. cxd5 Nxd5 17. b5 cxb5 18. Bxb5 Re7 19. Nc5 f5 20. Bc4 Kh7 21. Qb3 Nf6
22. f3 Qa5 23. Rc2 exf3 24. Nxf3 Qb6 25. Qd3 Ne4 26. Na4 Qa5 27. Bb3 Nxg3 28.
hxg3 b6 29. Nc3 Bg7 30. Nd5 Re4 31. Rc7 Ba6 32. Qd1 g4 33. Nd2 Bxf1 34. Nxe4
fxe4 35. Qxf1 Rf8 36. Qd1 h5 1/2-1/2

[Event "World Rapid Women 2022"]
[Site "Almaty KAZ"]
[Date "2022.12.27"]
[Round "7.3"]
[White "Goryachkina, Aleksandra"]
[Black "Gong, Qianyun"]
[Result "1-0"]
[WhiteTitle "GM"]
[BlackTitle "WGM"]
[WhiteElo "2584"]
[BlackElo "2299"]
[WhiteFideId "4147103"]
[BlackFideId "8602425"]
[EventDate "2022.12.26"]

1. Nf3 Nf6 2. c4 b6 3. Nc3 Bb7 4. d4 g6 5. d5 Bg7 6. e4 d6 7. Be2 Nbd7 8. O-O
O-O 9. Be3 Nc5 10. Nd2 a5 11. Qc2 e5 12. a3 Ne8 13. b4 Nd7 14. Nb3 f5 15. f3
Ndf6 16. c5 a4 17. Nd2 bxc5 18. bxc5 fxe4 19. fxe4 Ba6 20. Bxa6 Rxa6 21. h3 dxc5
22. Nxa4 Qa8 23. Nxc5 Rxa3 24. Rxa3 Qxa3 25. Nc4 Qa8 26. Nxe5 Nh5 27. Rxf8+ Bxf8
28. Ned3 Bd6 29. Qa4 Qb8 30. Qb3 Qa8 31. e5 Bxe5 32. Nxe5 Qa1+ 33. Kf2 Qxe5 34.
d6+ Kh8 35. d7 Qf6+ 36. Ke1 Qe7 37. Qe6 Qh4+ 38. Kd1 Neg7 39. Qd5 Qd8 40. Nb7
Nf6 41. Nxd8 Nxd5 42. Nf7+ 1-0

[Event "World Rapid Women 2022"]
[Site "Almaty KAZ"]
[Date "2022.12.27"]
[Round "7.4"]
[White "Stefanova, Antoaneta"]
[Black "Savitha, Shri B"]
[Result "0-1"]
[WhiteTitle "GM"]
[BlackTitle "WIM"]
[WhiteElo "2442"]
[BlackElo "2411"]
[WhiteFideId "2902257"]
[BlackFideId "35061887"]
[EventDate "2022.12.26"]

1. d4 d5 2. c4 e6 3. Nc3 Nf6 4. cxd5 exd5 5. Bg5 Be7 6. e3 O-O 7. Bd3 c6 8. Nge2
Bg4 9. Qc2 Nbd7 10. f3 Bh5 11. Nf4 Bg6 12. Nxg6 hxg6 13. O-O-O b5 14. Kb1 b4 15.
Na4 c5 16. dxc5 Qa5 17. h4 Rac8 18. Qb3 Nxc5 19. Nxc5 Rxc5 20. g4 Rfc8 21. h5
gxh5 22. gxh5 Ne4 23. Bxe4 Bxg5 24. Bxd5 Qc7 25. f4 Bf6 26. h6 g6 27. Qd3 Kh7
28. Qd2 Rc2 29. Qxb4 Rxb2+ 30. Qxb2 Bxb2 31. Kxb2 Qc3+ 32. Kb1 a5 33. Bb3 Rb8
34. Rd4 a4 35. Rc1 Qxe3 36. Rxa4 Rxb3+ 0-1

[Event "World Rapid Women 2022"]
[Site "Almaty KAZ"]
[Date "2022.12.27"]
[Round "7.5"]
[White "Voit, Daria"]
[Black "Batsiashvili, Nino"]
[Result "0-1"]
[WhiteTitle "WGM"]
[BlackTitle "GM"]
[WhiteElo "2347"]
[BlackElo "2493"]
[WhiteFideId "4182146"]
[BlackFideId "13602993"]
[EventDate "2022.12.26"]

1. d4 d5 2. c4 e6 3. Nf3 Nf6 4. g3 Be7 5. Bg2 O-O 6. Qc2 c6 7. O-O b6 8. Bf4 Bb7
9. Rd1 Nbd7 10. Nc3 Nh5 11. Bc1 f5 12. Rb1 a6 13. Ne5 Bd6 14. f4 Nhf6 15. cxd5
cxd5 16. Qb3 b5 17. Be3 Nb6 18. Rbc1 Rc8 19. Bf2 Qe7 20. a4 b4 21. Nb1 a5 22.
Qa2 Ne4 23. b3 Rc7 24. Be3 Rfc8 25. Qb2 Nc3 26. Nxc3 bxc3 27. Qc2 Ba6 28. Nd3
Bxd3 29. Qxd3 Bb4 30. Rc2 Nd7 31. Bf2 Nf6 32. Be1 Ne4 33. Bxe4 dxe4 34. Qb5 Qd6
35. e3 Qd5 36. Qxd5 exd5 37. Ra1 Kf7 38. Kf2 Ke6 39. Ke2 h6 40. Kd1 g5 41. Raa2
gxf4 42. exf4 h5 43. Kc1 Rb7 44. h4 Rc6 45. Ra1 Kd7 46. Re2 c2 47. Bf2 Bc3 48.
Ra2 Rxb3 49. Rexc2 Rcb6 50. Kd1 R6b4 51. Ke2 Bxd4 52. Rd2 e3 53. Rxd4 Rxd4 54.
Be1 Re4 55. Bxa5 d4 0-1

[Event "World Rapid Women 2022"]
[Site "Almaty KAZ"]
[Date "2022.12.27"]
[Round "7.6"]
[White "Paehtz, Elisabeth"]
[Black "Bivol, Alina"]
[Result "0-1"]
[WhiteTitle "GM"]
[BlackTitle "IM"]
[WhiteElo "2464"]
[BlackElo "2364"]
[WhiteFideId "4641833"]
[BlackFideId "4100123"]
[EventDate "2022.12.26"]

1. d4 d5 2. Bf4 Nf6 3. e3 e6 4. Nf3 c5 5. c3 Nc6 6. Nbd2 Nh5 7. Bg5 Qb6 8. dxc5
Bxc5 9. b4 Bf8 10. b5 Nb8 11. Nd4 Nf6 12. Bxf6 gxf6 13. c4 dxc4 14. Bxc4 Nd7 15.
O-O Ne5 16. Bb3 Rg8 17. f4 Ng4 18. Nc4 Qd8 19. h3 Nh6 20. Qh5 Qd5 21. Qe2 Nf5
22. Rfd1 Ng3 23. Qc2 Qe4 24. Qf2 Qg6 25. Bc2 Qh5 26. Nf3 Bc5 27. Rd2 Bb4 28.
Rdd1 e5 29. Kh2 e4 30. Nfd2 Be6 31. b6 Kf8 32. bxa7 Rxa7 33. Nxe4 Nxe4 34. Bxe4
Be7 35. Nb6 Kg7 36. f5 Bd8 37. g4 Bc7+ 38. Kg2 Kh8 39. Qf3 Bxb6 40. fxe6 Qe5 41.
exf7 Rf8 42. Qf5 Rxf7 43. Kf3 Ra3 44. Re1 Rxe3+ 45. Rxe3 Qxa1 46. Rb3 Qf1+ 47.
Kg3 Qe1+ 48. Kf3 Qf2# 0-1

[Event "World Rapid Women 2022"]
[Site "Almaty KAZ"]
[Date "2022.12.27"]
[Round "7.7"]
[White "Garifullina, Leya"]
[Black "Sultanbek, Zeinep"]
[Result "1/2-1/2"]
[WhiteTitle "IM"]
[BlackTitle "WIM"]
[WhiteElo "2357"]
[BlackElo "1891"]
[WhiteFideId "34127035"]
[BlackFideId "13710419"]
[EventDate "2022.12.26"]

1. e4 c5 2. Nf3 d6 3. d4 cxd4 4. Nxd4 Nf6 5. Nc3 a6 6. h3 g6 7. Be3 Bg7 8. g4
Nc6 9. Qd2 d5 10. Nxc6 bxc6 11. O-O-O Be6 12. g5 Nd7 13. exd5 cxd5 14. Bd4 Bxd4
15. Qxd4 O-O 16. Bg2 Nb6 17. h4 Rc8 18. h5 Rc4 19. Qe5 Qb8 20. Qxb8 Rxb8 21.
Nxd5 Bxd5 22. Bxd5 Rc5 23. Bb3 Rxg5 24. hxg6 hxg6 25. Rh4 Kg7 26. Rf4 e6 27. Rd6
a5 28. a4 Rb7 29. Rfd4 Rf5 30. Rd2 Rc5 31. Kd1 Kf6 32. R6d4 Nc8 33. Rd7 Rb4 34.
R2d4 Rxd4+ 35. Rxd4 Ke7 36. Rc4 Kd6 37. Rd4+ Ke7 38. c3 e5 39. Rd5 Rxd5+ 40.
Bxd5 Nb6 41. Bc6 Kd6 42. Be8 f6 43. b4 Nd5 44. bxa5 Nxc3+ 45. Kd2 Ne4+ 46. Ke3
Nc5 47. Bxg6 Nxa4 48. Ke4 Nc5+ 49. Kf5 Ke7 50. Bh5 Na6 51. Be2 Nb4 52. Bf3 Nc2
53. Bd5 Nd4+ 54. Kg6 Nb5 55. Bc4 Na7 56. a6 Nc8 57. Bd5 Na7 58. Bb7 Nb5 59. Kf5
Na7 60. Ke4 Kd6 61. Kf5 Ke7 62. Bg2 Nb5 63. Ke4 Kd6 64. Bh3 Na7 65. Kd3 Kc5 66.
Kc3 Nb5+ 67. Kb3 Na7 68. Ka4 Kb6 69. Bf1 Kc5 70. Be2 Nc6 71. Bf1 Na7 72. Bd3 Kd4
73. Bf5 Kc5 74. Be4 Kb6 75. Bd3 Kc5 76. f3 Kd4 77. Be4 Kc5 78. Ka5 Nb5 79. Bf5
Na7 80. Bd7 Kd6 81. Be8 Kc5 82. Ba4 Nc8 83. Bc2 Na7 84. Be4 Nb5 85. Bb7 Na7 86.
Ka4 Nb5 87. Kb3 Na7 88. Kc3 Nb5+ 89. Kd3 Na7 90. Ke4 Kd6 91. Kf5 Ke7 92. Kg6 Nb5
93. Bc6 Na7 94. Ba4 Nc8 95. Kf5 Na7 96. Ke4 Kd6 97. f4 exf4 98. Kxf4 1/2-1/2

[Event "World Rapid Women 2022"]
[Site "Almaty KAZ"]
[Date "2022.12.27"]
[Round "7.8"]
[White "Tania, Sachdev"]
[Black "Koneru, Humpy"]
[Result "0-1"]
[WhiteTitle "IM"]
[BlackTitle "GM"]
[WhiteElo "2389"]
[BlackElo "2572"]
[WhiteFideId "5007844"]
[BlackFideId "5008123"]
[EventDate "2022.12.26"]

1. d4 Nf6 2. c4 e6 3. Nf3 d5 4. Nc3 Nbd7 5. cxd5 exd5 6. Bf4 Bb4 7. e3 Ne4 8.
Qc2 g5 9. Bg3 h5 10. h3 Nxg3 11. fxg3 Qe7 12. O-O-O Nb6 13. Kb1 Be6 14. Bd3
O-O-O 15. Rc1 Kb8 16. Qf2 c6 17. a3 Bd6 18. Rhf1 h4 19. g4 Rhe8 20. e4 Bf4 21.
Rc2 Bg3 22. Qd2 f6 23. e5 Bf4 24. Qf2 fxe5 25. Nxe5 Bxe5 26. dxe5 Rf8 27. Qe1 d4
28. Ne4 Bb3 29. Re2 Nd5 30. Nd2 Rxf1 31. Qxf1 Nf4 32. Nxb3 Nxd3 33. Re4 Nf4 34.
Rxd4 Rxd4 35. Nxd4 Qxe5 36. Qc4 Qe4+ 37. Ka2 a6 38. Qg8+ Ka7 39. Nb3 Ne6 40. Qe8
Qd5 41. Qf7 Qc4 42. Qf2+ c5 43. Qe3 Nd4 44. Qc3 Qxc3 45. bxc3 Nxb3 46. Kxb3 b5
47. Kc2 Kb6 48. Kd3 Kc6 49. Ke4 a5 50. Ke3 Kd5 51. Kd3 Ke5 52. Ke3 b4 53. cxb4
cxb4 54. axb4 axb4 0-1

[Event "World Rapid Women 2022"]
[Site "Almaty KAZ"]
[Date "2022.12.27"]
[Round "7.9"]
[White "Pourkashiyan, Atousa"]
[Black "Saduakassova, Dinara"]
[Result "0-1"]
[WhiteTitle "WGM"]
[BlackTitle "IM"]
[WhiteElo "2321"]
[BlackElo "2434"]
[WhiteFideId "12502014"]
[BlackFideId "13700090"]
[EventDate "2022.12.26"]

1. e4 e5 2. Nf3 Nc6 3. Bb5 a6 4. Ba4 Nf6 5. O-O Nxe4 6. d4 b5 7. Bb3 d5 8. dxe5
Be6 9. Nbd2 Nc5 10. c3 Be7 11. Bc2 d4 12. Nb3 d3 13. Bb1 Nxb3 14. axb3 Bf5 15.
Be3 O-O 16. Bd4 Qd5 17. Bxd3 Bxd3 18. Qxd3 Qxb3 19. Qe4 Qe6 20. Rfe1 a5 21. Nh4
Bxh4 22. Qxh4 Rfd8 23. Qe4 Qd5 24. Qe2 a4 25. Rad1 Qc4 26. Qe4 Ne7 27. f4 c5 28.
Bf2 Qxe4 29. Rxd8+ Rxd8 30. Rxe4 Rd1+ 31. Be1 Rb1 32. Re2 Nd5 33. Rd2 Rxe1+ 34.
Kf2 Rb1 35. Rxd5 Rxb2+ 36. Kf3 g6 37. Rxc5 a3 38. h3 a2 39. Rc8+ Kg7 40. Ra8 Rc2
41. Ra7 Rxc3+ 42. Ke2 Rc2+ 43. Kd3 Rxg2 44. e6 a1=Q 45. Rxa1 fxe6 46. Ra7+ Kh6
47. Rb7 Rg3+ 48. Ke4 Rxh3 49. Rxb5 Kg7 50. Rb8 Rh1 51. Kf3 h5 52. Kg3 Rc1 53.
Rb3 Kf6 54. Re3 Rc5 55. Ra3 Kf5 56. Re3 h4+ 57. Kf3 Rb5 58. Ra3 e5 59. fxe5 Rxe5
60. Ra8 Rb5 61. Kg2 Rb4 62. Kh3 Rb3+ 63. Kh2 g5 64. Rf8+ Kg4 65. Rf2 Re3 66. Ra2
Kf4 67. Ra4+ Re4 68. Ra2 g4 69. Rf2+ Kg5 70. Ra2 Re3 71. Ra5+ Kf4 72. Ra4+ Kf3
73. Ra8 Re2+ 74. Kg1 Re1+ 75. Kh2 g3+ 0-1

[Event "World Rapid Women 2022"]
[Site "Almaty KAZ"]
[Date "2022.12.27"]
[Round "7.10"]
[White "Gunina, Valentina"]
[Black "Mammadzada, Gunay"]
[Result "1-0"]
[WhiteTitle "GM"]
[BlackTitle "IM"]
[WhiteElo "2476"]
[BlackElo "2472"]
[WhiteFideId "4167570"]
[BlackFideId "13403729"]
[EventDate "2022.12.26"]

1. d4 d5 2. c4 c6 3. Nc3 Nf6 4. e3 e6 5. Nf3 Nbd7 6. Be2 Bd6 7. O-O O-O 8. b3 b6
9. Bb2 Bb7 10. Bd3 Rc8 11. Rc1 Qe7 12. Re1 c5 13. cxd5 exd5 14. Rc2 Ne4 15. Ne2
Rc7 16. dxc5 bxc5 17. Qa1 f6 18. Rd1 Re8 19. Ng3 Nxg3 20. hxg3 Ne5 21. Nxe5 fxe5
22. Rcd2 d4 23. Re2 Qf8 24. Qb1 h6 25. Bc4+ Kh8 26. Qg6 Bc6 27. exd4 cxd4 28.
Rxd4 exd4 29. Bxd4 Be5 30. Rxe5 1-0

[Event "World Rapid Women 2022"]
[Site "Almaty KAZ"]
[Date "2022.12.27"]
[Round "7.11"]
[White "Munkhzul, Turmunkh"]
[Black "Atalik, Ekaterina"]
[Result "1-0"]
[WhiteTitle "WIM"]
[BlackTitle "IM"]
[WhiteElo "2318"]
[BlackElo "2403"]
[WhiteFideId "4901878"]
[BlackFideId "4130189"]
[EventDate "2022.12.26"]

1. e4 c6 2. d4 d5 3. e5 Bf5 4. h4 h6 5. Bd3 Bxd3 6. Qxd3 e6 7. Ne2 Ne7 8. Nd2 c5
9. dxc5 Nec6 10. Nf3 Nd7 11. O-O Ndxe5 12. Nxe5 Nxe5 13. Qg3 Nc6 14. c3 Be7 15.
Qxg7 Bf6 16. Qg4 h5 17. Qa4 Bxh4 18. Nd4 Be7 19. Nxc6 Qd7 20. Qd4 1-0